书目信息 |
| 题名: |
电子管收音机原理与维修
|
|
| 作者: | 阎明敬 编著 | |
| 分册: | ||
| 出版信息: | 哈尔滨 黑龙江科学技术出版社 1983 |
|
| 页数: | 192页 | |
| 开本: | 19cm | |
| 丛书名: | ||
| 单 册: | ||
| 中图分类: | TN859 | |
| 科图分类: | ||
| 主题词: | 电子管收音机--维修 | |
| 电子资源: | ||
| ISBN: | ||
| 000 | 00691nam0 2200229 45 | |
| 001 | 0183005071 | |
| 005 | 20060418155129.43 | |
| 010 | @dCNY0.65 | |
| 091 | @a15217.049 | |
| 100 | @a19950614d1983 em y0chiy0121 ea | |
| 101 | 0 | @achi |
| 102 | @aCN@b230000 | |
| 105 | @ay z 000yy | |
| 200 | 10 | @a电子管收音机原理与维修@Adian zi guan shou yin ji yuan li yu wei xiu@f阎明敬编著@Fyan ming jing bian zhu |
| 210 | @a哈尔滨@c黑龙江科学技术出版社@d1983 | |
| 215 | @a192页@d19cm | |
| 606 | @a电子管收音机@x维修 | |
| 690 | @aTN859@v3 | |
| 701 | 0 | @a阎明敬@Ayan ming jing@4编著 |
| 801 | 2 | @aCN@bNLC@c20060418 |
| 801 | 0 | @aCN@b上海图书馆@c20040514 |
| 905 | @f1@b160250@f2@b160252-253@dTN859@e35 | |
| 电子管收音机原理与维修/阎明敬编著.-哈尔滨:黑龙江科学技术出版社,1983 |
| 192页;19cm |
| ISBN :CNY0.65 |
| ● |
| 相关链接 |
|
|
|
|
正题名:电子管收音机原理与维修
索取号:TN859/35
 
预约/预借
| 序号 | 登录号 | 条形码 | 馆藏地/架位号 | 状态 | 备注 |
| 1 | 0160250 | 001321484 | 第三借阅区/ [索取号:TN859/35] | 在馆 | |
| 2 | 0160251 | 202244231 | 密集书库/ [索取号:TN859/35] | 在馆 | |
| 3 | 0160252 | 001321466 | 第三借阅区/ [索取号:TN859/35] | 在馆 | |
| 4 | 0160254 | 202120711 | 第二样本阅览室/ [索取号:TN859/35] | 在馆 |